Statistiques concernant Les pays ayant joué au moins une coupe du monde de Handball

Cliquez ici pour prendre le quiz!

Statistiques générales

  • Ce quiz a été pris 743 fois
    (512 depuis la dernière actualisation)
  • Le résultat moyen est 40 sur 58

Statistiques - réponses

Nombre de participationsPaysMeilleur résultat% Correct
24FranceChampion
100%
26Allemagne/RFAChampion
96%
22EspagneChampion
96%
25DanemarkChampion
95%
SuèdeChampion
95%
Russie/URSSChampion
93%
PortugalDixième
91%
BrésilNeuvième
90%
NorvègeFinaliste
90%
14ArgentineDouzième
89%
États-UnisSeizième
88%
JaponDixième
87%
ChineVingtième
84%
MarocDix-septième
84%
17ÉgypteDemi-Finaliste
83%
16AlgérieTreizième
82%
ItalieDix-huitième
82%
20Serbie/YougoslavieChampion
82%
11SuisseDemi-Finaliste
82%
3CanadaQuinzième
81%
15CroatieChampion
81%
1BelgiquePremière participation
79%
FinlandeTreizième
79%
HongrieFinaliste
79%
PologneFinaliste
79%
TunisieDemi-Finaliste
78%
7AustralieVingt-et-unième
77%
SlovénieTroisième
77%
RoumanieChampion
76%
IslandeCinquième
74%
Pays-BasOnzième
74%
18République Tchèque/TchécoslovaquieChampion
74%
Corée du Sud/Corée unifiéeHuitième
73%
9QatarFinaliste
73%
SlovaquieDixième
73%
6AutricheFinaliste
71%
GrèceSixième
70%
UkraineSeptième
69%
ChiliSeizième
66%
Macédoine du NordNeuvième
63%
10Arabie SaouditeDix-Neuvième
61%
LituanieDixième
61%
UruguayVingt-quatrième
61%
BulgarieOnzième
59%
MonténégroVingt-deuxième
59%
IranVingt-et-unième
58%
BiélorussieVingtième
54%
Bosnie-HerzégovineVingtième
51%
LuxembourgSeizième
48%
République Démocratique du CongoVingt-huitième
48%
CubaHuitième
41%
NigériaVingt-troisième
36%
4AngolaVingtième
35%
5BahreinVingtième
31%
8RDA/Allemagne de l'EstFinaliste
28%
2Cap-VertTrente-deuxième
23%
KoweitQuinzième
22%
GroënlandVingtième
9%

Distribution des résultats

Percentile par nombre de réponses

% des personnes avec chaque résultat

Votre développement - résultats

Vous n’avez pas pris ce quiz depuis la dernière actualisation